[Event "AUT-ch"]
[Site "Feistritz an der Drau"]
[Date "2014.08.28"]
[Round "6"]
[White "Medwed, Kai"]
[Black "Neumeier, Klaus"]
[Result "0-1"]
[WhiteElo "1992"]
[BlackElo "2290"]
[PlyCount "51"]
[EventDate "2014.08.24"]
[EventType "swiss"]
[EventRounds "9"]
[EventCountry "AUT"]
[SourceTitle "CBM 162 Extra"]
[Source "ChessBase"]
[SourceDate "2014.10.17"]
[SourceVersion "1"]
[SourceVersionDate "2014.10.17"]
[SourceQuality "1"]

1. d4 Nf6 2. c4 e6 3. g3 c5 4. d5 exd5 5. cxd5 d6 6. Nc3 g6 7. Bg2 Bg7 8. Nf3 0-0 9. 0-0 Re8 10. Re1 a6 11. a4 Nbd7 12. e4 Rb8 13. a5 b5 14. axb6 Qxb6 15. h3 Nh5 16. Qc2 Ne5 17. Nxe5 Bxe5 18. Kh2 f5 19. Qa4 Qd8 20. f4 Bd4 21. Qc2 Qb6 22. Na4 Qb3 23. Qxb3 Rxb3 24. Ra3 Rxa3 25. bxa3 Bf2 26. Re3 0-1

[Event "Styrian op-A"]
[Site "Bad Gleichenberg"]
[Date "2014.07.10"]
[Round "6"]
[White "Piskur, Mitja"]
[Black "Medwed, Kai"]
[Result "1-0"]
[WhiteElo "2263"]
[BlackElo "1991"]
[PlyCount "81"]
[EventDate "2014.07.05"]
[EventType "swiss"]
[EventRounds "9"]
[EventCountry "AUT"]
[SourceTitle "CBM 161 Extra"]
[Source "ChessBase"]
[SourceDate "2014.08.29"]
[SourceVersion "1"]
[SourceVersionDate "2014.08.29"]
[SourceQuality "1"]

1. e4 e6 2. d3 d5 3. Nd2 Nf6 4. Ngf3 c5 5. g3 Nc6 6. Bg2 Be7 7. 0-0 0-0 8. Re1 Qc7 9. e5 Nd7 10. Qe2 b5 11. h4 c4 12. d4 a5 13. Nf1 b4 14. c3 a4 15. a3 bxc3 16. bxc3 Na5 17. Ra2 Rb8 18. Qc2 Nb3 19. Bg5 Nb6 20. N1h2 Rd8 21. Ng4 h6 22. Bf4 Nd7 23. Qe2 Nf8 24. Qe3 Nh7 25. Bf1 Na5 26. Be2 Qb6 27. Nd2 Nb3 28. Rb1 Rd7 29. Bd1 Qd8 30. Nf3 Qf8 31. Bc2 Rdb7 32. Re1 Bd7 33. Kg2 Na5 34. Qc1 Kh8 35. Ng5 hxg5 36. hxg5 g6 37. Nf6 Bxf6 38. gxf6 Rb3 39. Bh6 Qd8 40. Bg7+ Kg8 41. Qh6 1-0

[Event "Styrian op-A"]
[Site "Bad Gleichenberg"]
[Date "2014.07.06"]
[Round "2"]
[White "Medwed, Kai"]
[Black "Galyas, Miklos"]
[Result "1/2-1/2"]
[WhiteElo "1991"]
[BlackElo "2431"]
[PlyCount "52"]
[EventDate "2014.07.05"]
[EventType "swiss"]
[EventRounds "9"]
[EventCountry "AUT"]
[SourceTitle "CBM 161 Extra"]
[Source "ChessBase"]
[SourceDate "2014.08.29"]
[SourceVersion "1"]
[SourceVersionDate "2014.08.29"]
[SourceQuality "1"]

1. e4 e6 2. d4 d5 3. Nd2 Nf6 4. e5 Nfd7 5. Bd3 c5 6. c3 Nc6 7. Ngf3 g6 8. 0-0 Bg7 9. Re1 0-0 10. Nf1 Qb6 11. Bc2 cxd4 12. cxd4 f6 13. exf6 Nxf6 14. Ba4 Ne4 15. Bxc6 bxc6 16. Ng3 Nxf2 17. Kxf2 Bxd4+ 18. Be3 Bxe3+ 19. Rxe3 e5 20. Qb3 e4 21. Nxe4 Qxb3 22. axb3 dxe4 23. Rxe4 a6 24. Rc1 Rb8 25. b4 Rb5 26. Kg3 Bd7 1/2-1/2

[Event "Oberwart op"]
[Site "Oberwart"]
[Date "2010.07.11"]
[Round "2"]
[White "Platzgummer, Fabian"]
[Black "Medwed, Kai"]
[Result "1-0"]
[WhiteElo "2351"]
[BlackElo "1964"]
[PlyCount "147"]
[EventDate "2010.07.10"]
[EventType "swiss"]
[EventRounds "9"]
[EventCountry "AUT"]
[SourceTitle "CBM 137 Extra"]
[Source "ChessBase"]
[SourceDate "2010.09.01"]
[SourceVersion "1"]
[SourceVersionDate "2010.09.01"]
[SourceQuality "1"]

1. Nf3 Nf6 2. c4 b6 3. g3 Bb7 4. Bg2 e6 5. 0-0 Be7 6. Nc3 c5 7. Re1 0-0 8. e4 d6 9. d4 cxd4 10. Nxd4 a6 11. e5 dxe5 12. Bxb7 Ra7 13. Nc6 Qxd1 14. Nxe7+ Kh8 15. Rxd1 Rxb7 16. b3 b5 17. Be3 Re8 18. Bc5 b4 19. Na4 Ne4 20. a3 Nxc5 21. Nxc5 Rbxe7 22. axb4 Nc6 23. Nxa6 Nd4 24. b5 Nxb3 25. Rab1 Nd4 26. b6 Rb7 27. Nc5 Rbb8 28. b7 Ne2+ 29. Kf1 Nc3 30. Na6 Rxb7 31. Rxb7 Nxd1 32. Rxf7 Kg8 33. Rd7 Nb2 34. c5 Rc8 35. Rd6 Kf7 36. c6 Nc4 37. Rd7+ Kf6 38. c7 Nb6 39. Rd6 Nd5 40. Nc5 Nxc7 41. Rc6 Ke7 42. Nd3 e4 43. Nc5 Kd8 44. Ke2 Ra8 45. Nxe6+ Nxe6 46. Rxe6 Ra4 47. Ke3 Kd7 48. Rxe4 Ra3+ 49. Kf4 Ra2 50. Kf3 Kd6 51. h4 Ra7 52. Kg4 Ra2 53. f3 Ra3 54. h5 Ra2 55. f4 Ra3 56. Re5 Rb3 57. h6 g6 58. Re8 Rb5 59. Rh8 Rb7 60. f5 gxf5+ 61. Kxf5 Rf7+ 62. Kg5 Ke7 63. g4 Kd7 64. Kh5 Ke6 65. g5 Kf5 66. Ra8 Ke6 67. g6 hxg6+ 68. Kxg6 Rf6+ 69. Kg7 Rf1 70. Ra6+ Ke7 71. h7 Rf7+ 72. Kg6 Rf8 73. Ra7+ Ke6 74. Kg7 1-0